000 00794nam a2200289Ia 4500
003 OSt
005 20220926020739.0
006 a|||||r|||| 00| 0
007 ta
008 220923b |||||||| |||| 00| 0 eng d
020 _a9780387213378
037 _cGeneral Book
040 _aRTL
_cRTL
_beng
041 _2eng
_aeng
082 _aB281, P8
100 _aDaley D J
_9325037
245 0 _aIntroduction to the theory of point processes
250 _a2
260 _aNew York
_bSpringer
_c2008
300 _axvii, 573p
_ccm.
490 _aProbability and Its Applications
500 _aBibliography: P537-556
650 _aEconomics
700 _a Vere-Jones D
_9325038
942 _hB281, P8
_cGB
_2CC
999 _c634922
_d634922